A külfölddel szemben fennálló egyes tartozásoknak pengőértékben való fizetéséről szóló 6900/1931. M. E. sz. rendelet hatályának további meghosszabbítása tárgyában

Elmentve itt :
Bibliográfiai részletek
Szerző: Pethő Tibor
Dokumentumtípus: Cikk
Megjelent: 1938
Sorozat:Polgári jog : a hazai és külföldi magánjog és hiteljog szemléje 14
Kulcsszavak:Hiteljog - magyar - külföldi tartozások
Online Access:http://misc.bibl.u-szeged.hu/6498
LEADER 00772nab a2200169 i 4500
001 misc6498
005 20191106142059.0
008 170607s1938 hu o 0|| hun d
040 |a SZTE Miscellanea Repozitórium  |b hun 
041 |a hun 
100 1 |a Pethő Tibor 
245 1 2 |a A külfölddel szemben fennálló egyes tartozásoknak pengőértékben való fizetéséről szóló 6900/1931. M. E. sz. rendelet hatályának további meghosszabbítása tárgyában  |h [elektronikus dokumentum] /  |c  Pethő Tibor 
260 |c 1938 
300 |a 32-33a 
490 0 |a Polgári jog : a hazai és külföldi magánjog és hiteljog szemléje  |v 14 
695 |a Hiteljog - magyar - külföldi tartozások 
856 4 0 |u http://misc.bibl.u-szeged.hu/6498/1/polgari_jog_1938_032-033a.pdf  |z Dokumentum-elérés